North America Country Map Click Quiz in Esperanto - Statistics

General Stats
  • This quiz has been taken 26 times
  • The average score is 20 of 23
Answers on the Map
Answers color-coded by a green-red scale on the quiz's map according to % correct below.
 
Answer Stats
Answer % Correct
Jamajko
100%
Kanado
100%
Kubo
100%
Meksiko
100%
Panamo
100%
Salvadoro
100%
Trinidado kaj Tobago
100%
Usono
100%
Bahamoj
95%
Belizo
95%
Dominika Respubliko
95%
Gvatemalo
95%
Haitio
95%
Honduro
95%
Kostariko
95%
Nikaragvo
95%
Barbado
75%
Antigvo kaj Barbudo
70%
Dominiko
60%
Grenado
60%
Sankta Lucio
60%
Sankta Vincento kaj Grenadinoj
50%
Sankta-Kito kaj Neviso
45%
No matching quizzes found
Score Distribution
Percent of People with Each Score
Percentile by Number Answered
Your Score History
You have not taken this quiz